1452 1924 1695 1396 1290 1300 1746 1998 1513 1662 1576 1165 1942 1166 1865 1280 1718 1231 1386 1248 1665 1135 1400 1795 1205 1745 1640 1963 1133 1278 1344 1314 1763 1475 1172 1825 1272 1248 1094 1586 1499 1079 1241 1721 1171 1372 1556 1577 1232 1467 1775 1243 1253 1720 1533 1646 1637 1171 1768 1253 1890 1453 1312 1765 1082 1951 1525 1905 1684 1125 1931 1249 1497 1446 1312 1202 1324 1647 1686 1181 1644 1626 1325 1947 1154 1226 1843 1653 1897 1603 1798 1409 1461 1759 1469 1915 1072 1281 1070 BCNSPRNW ULIB Ver.6.0+V

เปลี่ยนเป็นภาษาไทย

Change to English
 แสดงรายละเอียดบรรณานุกรม
  กลับหน้าหลัก

Brief Record : Get Marc (ISO 2709) : E-mail record : QR code < ปิดหน้าต่าง
LEADER : 00000nam 2200000uu 4500
001    13399126440
003     ULIB
008    180916s2560||||th 000 0 tha d
020    ^a9786161822019
050 00 ^aBF455^bอ72
100 1  ^aอะคิระ, อุเอะนิชิ
245 10 ^aพูดเรื่องบวกเรียกโชคดี พูดเรื่องดีเรียกความสุข /^cอุเอะนิชิ อะคิระ, เขียน ; ปาวัน การสมใจ, แปล
260    ^aกรุงเทพฯ :^bอมรินทร์ฮาวทู,^c2560
300    ^a171 หน้า
650  4 ^aการพูด
700 0  ^aปาวัน การสมใจ
945    ^p195^l0^i26642
999    ^aกัณชพร จุลอักษร
รายการนี้ยังไม่มีแท็ก
คุณยังไม่ได้ล็อกอิน คุณสามารถมีกิจกรรมร่วมกับเว็บไซต์ได้ แต่ต้องล็อกอินก่อน ::
  ล็อกอิน

รายการสื่อสารสนเทศ

ลำดับที่ ประเภท เลขเรียก/บาร์โค้ด สถานที่ สถานะ
1. วิทยาศาสตร์การแพทย์ และสุขภาพ
วิทยาศาสตร์การแพทย์ และสุขภาพ
BF455 อ72 ฉ.1 
  Barcode: 26642
ห้องสมุดวิทยาเขตนครสวรรค์
►หนังสือทั่วไป:l:General Books
บนชั้น

รายการใกล้เคียง
    ผู้แต่ง [อะคิระ, อุเอะนิชิ]

    หัวเรื่อง [การพูด]

BibComment


ยังไม่เคยถูกคอมเมนท์

คอมเมนท์ทรัพยากรรายการนี้
  คอมเมนท์: พูดเรื่องบวกเรีย..


 Copyright 2026. Bcnsprnw @Library